00736nam a22002057a 450000500170000001000150001702000260003203500130005803700130007108200120008410000210009624500830011726000430020027000540024330000230029750000400032094200260036099900170038695201270040320150615153747.0 aENG-113000 a9788170545613c300.00 aEN-96532 bDBAD/PUB a954.127 aAmbastha, G.S.P. aEast India Company 1765-1858 :ba case study of Palamau /cby G.S.P. Ambhastha aNew DelhibClassical Publishing c2012 a28- Shopping Centre, KarampurabNew Delhie110015 axi,112p.c22cm(Hb) aIncludes bibliographical references 2ddccENmAMBh954.127 c93482d93482 001040718NFICaDBADbDBADd2015-05-12eDBAD / PUBg300.00l0o954.127 AMBpEN-96532r2015-05-12 00:00:00t1v300.00yEN